History Quiz

Random History or Letter Quiz

Four Letter History A-Z Quiz Stats

 Plays Quiz Updated Aug 11, 2017

Support Sporcle.
Go Orange.
Score 0/26 Timer 04:00
1 Play Today
Clue 4-Letter Word % Correct
Henry VIII's wife Boleyn or the one from ClevesAnne
95.5%
Founder of the Mongol Empire, Genghis ____Khan
94.6%
Supreme god of ancient GreeceZeus
92.1%
Emperor who allegedly fiddled while Rome burnedNero
90.7%
The American Revolution's Battle of Bunker ___Hill
90.2%
Surname of composer of the 'Brandenburg Concertos'Bach
90%
Largest empire in pre-Columbian AmericaInca
89.9%
US state originally named Deseret by the MormonsUtah
87.9%
Old trade route from China to Europe, The ___ RoadSilk
83.5%
'Veni, Vidi, ____' -- Julius CaesarVici
82.9%
Klondike prospectors' objectiveGold
81.7%
Capital city founded by Pizarro in 1535Lima
81.2%
US President between Roosevelt and WilsonTaft
79.6%
Clue 4-Letter Word % Correct
Civilization that built Chichen ItzaMaya
77.2%
Christopher who designed St. Paul's CathedralWren
69.5%
Code name for a WWII D-Day beachJuno
60.9%
___ the Red, first Norse colonizer of GreenlandErik
60.2%
English House that battled the LancastersYork
54.2%
Syngman who was the President of South KoreaRhee
48%
'Event' at the Reichstag in February of 1933Fire
47.9%
Country that was French Equatorial Africa until 1960Chad
47.5%
The Manchu dynasty's official nameQing
45.1%
Any of three 10th century Holy Roman EmperorsOtto
44.8%
Either William, Younger or Elder, who was PM of the UKPitt
43%
Indian Ocean explorer, Bartholomeu ____Dias
42.5%
Oldest of the four Ancient Capitals of ChinaXi'an
35.3%

You're not logged in!

Compare scores with friends on all Sporcle quizzes.
OR
Log In
Forgot?

From the Vault

Where's My Package?

by bowsntoys

Have you ever wondered where your lost package went? This might be the answer!
Remove Ads.
Support Sporcle.
Get the best of Sporcle when you Go Orange. This ad-free experience offers more features, more stats, and more fun while also helping to support Sporcle. Thank you for becoming a member.

Show Comments

Extras

Top Quizzes Today


Score Distribution

Your Account Isn't Verified!

In order to create a playlist on Sporcle, you need to verify the email address you used during registration. Go to your Sporcle Settings to finish the process.

Report this User

Report this user for behavior that violates our Community Guidelines.

Details: